<?xml version="1.0" encoding="UTF-8"?>
<collection xmlns="http://www.loc.gov/MARC21/slim">
<record>
  <controlfield tag="001">166385</controlfield>
  <controlfield tag="005">20260121131119.0</controlfield>
  <datafield tag="037" ind1=" " ind2=" ">
    <subfield code="a">TAZ-TFG-2025-4619</subfield>
  </datafield>
  <datafield tag="041" ind1=" " ind2=" ">
    <subfield code="a">spa</subfield>
  </datafield>
  <datafield tag="100" ind1="1" ind2=" ">
    <subfield code="a">Díez Betrán, Diego</subfield>
  </datafield>
  <datafield tag="242" ind1="0" ind2="0">
    <subfield code="a">Interpretation of PM2.5 levels in Aragon</subfield>
  </datafield>
  <datafield tag="245" ind1="0" ind2="0">
    <subfield code="a">Interpretación de los niveles de PM2.5 en Aragón</subfield>
  </datafield>
  <datafield tag="260" ind1=" " ind2=" ">
    <subfield code="a">Zaragoza</subfield>
    <subfield code="b">Universidad de Zaragoza</subfield>
    <subfield code="c">2025</subfield>
  </datafield>
  <datafield tag="506" ind1=" " ind2=" ">
    <subfield code="a">by-nc-sa</subfield>
    <subfield code="b">Creative Commons</subfield>
    <subfield code="c">3.0</subfield>
    <subfield code="u">http://creativecommons.org/licenses/by-nc-sa/3.0/</subfield>
  </datafield>
  <datafield tag="520" ind1=" " ind2=" ">
    <subfield code="a">El objetivo de este Trabajo de Fin de Grado consiste en describir e interpretar la variabilidad de los niveles de material particulado fino (PM2.5)  en Aragón durante el periodo 2014–2023. Estas partículas, debido a su pequeño tamaño, tienen una influencia directa sobre la salud humana y el clima, lo que hace de su estudio un indicador clave para las políticas europeas. Esencialmente, se han considerado dos tipos de tareas. En primer lugar,&lt;br />se ha llevado a cabo la recopilación y tratamiento de datos del contaminante atmosférico (PM2.5) registrados en seis estaciones de calidad del aire, aplicando criterios de corrección por episodios naturales. A partir de dichas series, se ha realizado un análisis estadístico de la variabilidad semanal, mensual y anual, complementado con el estudio de tendencias mediante el test no paramétrico de Mann-Kendall. En segundo lugar, se ha considerado la influencia del transporte atmosférico en los niveles de (PM2.5) mediante el cálculo de retrotrayectorias diarias con el modelo HYSPLIT, que han permitido clasificar las masas de aire según su origen y evaluar su impacto relativo. Finalmente, se han integrado los resultados de los análisis estadísticos con información meteorológica y satelital, con el fin de contextualizar y comprender los factores determinantes de la evolución de los niveles de (PM2.5). Los resultados obtenidos marcan una tendencia general descendente que se acentúa en Zaragoza y Huesca. Además, se observa una marcada variabilidad estacional y un patrón semanal asociado a la actividad antropogénica.&lt;br />&lt;br /></subfield>
  </datafield>
  <datafield tag="521" ind1=" " ind2=" ">
    <subfield code="a">Graduado en Física</subfield>
  </datafield>
  <datafield tag="540" ind1=" " ind2=" ">
    <subfield code="a">Derechos regulados por licencia Creative Commons</subfield>
  </datafield>
  <datafield tag="856" ind1="0" ind2=" ">
    <subfield code="f">818605@unizar.es</subfield>
  </datafield>
  <datafield tag="856" ind1="4" ind2=" ">
    <subfield code="s">1407142</subfield>
    <subfield code="u">http://zaguan.unizar.es/record/166385/files/TAZ-TFG-2025-4619.pdf</subfield>
    <subfield code="y">Memoria (spa)</subfield>
  </datafield>
  <datafield tag="856" ind1="4" ind2=" ">
    <subfield code="s">838383</subfield>
    <subfield code="u">http://zaguan.unizar.es/record/166385/files/TAZ-TFG-2025-4619_ANE.pdf</subfield>
    <subfield code="y">Anexos (spa)</subfield>
  </datafield>
  <datafield tag="909" ind1="C" ind2="O">
    <subfield code="o">oai:zaguan.unizar.es:166385</subfield>
    <subfield code="p">driver</subfield>
    <subfield code="p">trabajos-fin-grado</subfield>
  </datafield>
  <datafield tag="950" ind1=" " ind2=" ">
    <subfield code="a"></subfield>
  </datafield>
  <datafield tag="691" ind1=" " ind2=" ">
    <subfield code="a">3 11 13</subfield>
  </datafield>
  <datafield tag="692" ind1=" " ind2=" ">
    <subfield code="a"> </subfield>
  </datafield>
  <datafield tag="700" ind1=" " ind2=" ">
    <subfield code="a">Escudero Tellechea, Miguel</subfield>
    <subfield code="e">dir.</subfield>
  </datafield>
  <datafield tag="710" ind1="2" ind2=" ">
    <subfield code="a">Universidad de Zaragoza</subfield>
    <subfield code="b">Física Aplicada</subfield>
    <subfield code="c">Física Aplicada</subfield>
  </datafield>
  <datafield tag="980" ind1=" " ind2=" ">
    <subfield code="a">TAZ</subfield>
    <subfield code="b">TFG</subfield>
    <subfield code="c">CIEN</subfield>
  </datafield>
  <datafield tag="999" ind1=" " ind2=" ">
    <subfield code="a">20251112104925.CREATION_DATE</subfield>
  </datafield>
  <datafield tag="951" ind1=" " ind2=" ">
    <subfield code="a">deposita:2026-01-21</subfield>
  </datafield>
</record>
</collection>